Proceedings of the xv: th annual conference of the European marketing academy (Record no. 716)

MARC details
000 -LEADER
fixed length control field 00546nam a2200181Ia 4500
020 ## - INTERNATIONAL STANDARD BOOK NUMBER
ISBN 951-555-238-9
082 ## - DEWEY DECIMAL CLASSIFICATION NUMBER
Classification number 304.60846 CON;
245 #0 - TITLE STATEMENT
Title Proceedings of the xv: th annual conference of the European marketing academy
260 ## - PUBLICATION, DISTRIBUTION, ETC. (IMPRINT)
Place of publication Helsinki
Name of publisher s.n.
Year of publication 1986
300 ## - PHYSICAL DESCRIPTION
Number of Pages 634p.
500 ## - GENERAL NOTE
General note Contents: Vol.1
650 ## - SUBJECT ADDED ENTRY--TOPICAL TERM
Topical Term Marketing research - Mathematical research
650 ## - SUBJECT ADDED ENTRY--TOPICAL TERM
Topical Term Marketing - Mathematical research
700 ## - ADDED ENTRY--PERSONAL NAME
Personal name Moller, Kristian
700 ## - ADDED ENTRY--PERSONAL NAME
Personal name Paltschik, Mikael
710 ## - ADDED ENTRY--CORPORATE NAME
Corporate name or jurisdiction name as entry element Contemporary research in marketing
942 ## - ADDED ENTRY ELEMENTS (KOHA)
Koha item type Books
Holdings
Withdrawn status Lost status Damaged status Not for loan Home library Current library Date acquired Bill Date Full call number Accession Number Price effective from Koha item type
        NASSDOC Library NASSDOC Library 08/06/2004 2004-10-22 304.60846 CON; 23944 18/04/2019 Books